000 00927nam a2200241 a 4500
001 85312
003 BD-RjUL
005 20250724124956.0
008 250724s2024 bg ||||| |||| 00| 0 ben d
020 _a9789849176251:
_cTk. 800.00
035 _a(BD-RjUL)85312
040 _aBD-RjUL
_beng
_cBD-RjUL
041 _aben
082 _223
_a324.25492083
_bAHB 2024
100 _aআহমদ, মহিউদ্দিন,
_d১৯৫২-
_916253
245 _aবিএনপি :
_bসময়-অসময় /
_cমহিউদ্দিন আহমদ
250 _a৫ম. সং.
260 _aঢাকা :
_bপ্রথমা প্রকাশনা,
_c২০২৪
300 _a৩৬৭ পৃ.:
_bচিত্রসমূহ;
_c২২ সেমি.
650 _aবাংলাদেশ জাতীয়তাবাদী দল
_916254
650 _aBangladesh Nationalist Party
_916255
942 _2ddc
_cBK
999 _c85312
_d85312